Hombre y Sociedad en el Pensamiento de Fromm /

Guardado en:
Detalles Bibliográficos
Autor principal: Moreno, Florentina (autor)
Formato: Libro
Idioma:Español
Publicado: México : Fondo de Cultura Económica, 1983
Temas:
Etiquetas: Agrega una etiqueta
Sin etiquetas, Sé el primero en etiquetar este registro!

MARC

LEADER 00000nam^a2200000^a^4500
001 000010622
005 20250521000000.0
009 20260310083712.595
037 |a Acervo ITESO - Biblioteca 
041 |a ESP 
082 |a 150.  |b MOR 
100 |a Moreno, Florentina  |e (autor) 
245 1 0 |a Hombre y Sociedad en el Pensamiento de Fromm /  |c F. Moreno. 
264 1 |a México :  |b Fondo de Cultura Económica,  |c 1983 
300 |a 383 p. 
336 |a texto  |b txt  |2 rdacontenido 
337 |a sin mediación  |b n  |2 rdamedio 
338 |a volumen  |b nc  |2 rdasoporte 
649 |a XX 
650 |a Psicología 
650 |a Fromm, Erich 
910 |a Fondo General 
920 |a Impresos - Libros 
930 |a Colección General 
905 |a 101 
901 |a 0106220100  |b IT1  |c ACC  |i 010622  |u 20250521 
902 |a https://opac.biblio.iteso.mx/vufind/Record/000010622